01368nam a2200253Ia 450000500170000000800410001708200140005811000290007224500740010125000190017530000450019449000280023952004530026765000490072065000460076965000390081565000450085465000570089926400350095633600270099133700330101833800280105104000350107920220317001410.0161108s2010 ck g 000 0 spa 04a577bD37b2 aDiscovery Communications10aBiomasbclimas extremoscDiscovery Communicationshvideodisco digital a1a. edición  a1 DVD (60 minutos)bsonido, colorc12 cm aDiscovery en la escuela aLos biomas son áreas definidas climática y geográficamente, con similares condiciones ecológicas tales como las comunidades de plantas, animales y organismos del suelo , (que a menudo se nombran com o ecosistemas). Los biomas estan definidos por factoresw tales como la estructura de las plantas (árboles, arbustos y hierbas), los tipos de hojas (como hoja ncha y agujas), el espaciado de las plantas (bosque, floresta, sabana) y el clima142LEMBaRegiones biogeográficasyVideodiscos142LEMBaEcosistemas terrestresvVideodiscos142LEMBaClimatología vVideodiscos142LEMBaCambios climáticos yVideodiscos142LEMB aCalentamiento globalvVideodiscosxPrevencion aBogotábMS Tv & Videosc2010 atextobtxt2rdacontent asin mediaciónbn2rdamedia avolumenbnc2rdacarrier aCO-BoRNBPbspaerdacCO-BoRNBP